| 000 | 00519nam a2200169 i 4500 | ||
|---|---|---|---|
| 001 | bg | ||
| 245 | 0 |
_aHandbook of structural stability / _ced. by Column Research Committae of Japan. |
|
| 260 |
_aTokyo : _bCorona, _c1971. |
||
| 650 | 9 |
_aKonstrukcje budowlane _xmechanika _xbadanie _xmetody |
|
| 650 | 9 |
_aKonstrukcje metalowe _xmechanika _xbadanie |
|
| 650 | 9 |
_aStateczność _xzagadnienia |
|
| 040 | _cBPK | ||
| 041 | _apol | ||
| 080 | _a624.01/.07:539.3/.6 | ||
| 942 | _cKS | ||
| 008 | s pl f |000 0 pol | ||
| 999 |
_c27156 _d27156 |
||
| 856 |
_uhttp://koha.tu.koszalin.pl/cgi-bin/koha/opac-detail.pl?biblionumber=27156 _yKatalog online BPK |
||